[Event "Bogota LAB op 03"]
[Site "Bogota"]
[Date "2013.03.22"]
[Round "1"]
[White "Moreno, Javier"]
[Black "Rojas Barrero, Andres Humberto"]
[Result "0-1"]
[WhiteElo "1754"]
[BlackElo "2247"]
[PlyCount "64"]
[EventDate "2013.03.22"]
[EventType "swiss"]
[EventRounds "7"]
[EventCountry "COL"]
[SourceTitle "CBM 153 Extra"]
[Source "ChessBase"]
[SourceDate "2013.04.22"]
[SourceVersion "1"]
[SourceVersionDate "2013.04.22"]
[SourceQuality "1"]

1. e4 e5 2. Nf3 Nc6 3. Bb5 f5 4. d3 Nf6 5. Nc3 Bc5 6. Qe2 d6 7. Bxc6+ bxc6 8. Na4 Bb4+ 9. Bd2 Bxd2+ 10. Nxd2 0-0 11. Nc3 Rb8 12. b3 f4 13. Nf3 c5 14. a4 Kh8 15. Nd5 Nxd5 16. exd5 Qf6 17. Rb1 Bg4 18. c4 Rb4 19. 0-0 Rfb8 20. Qc2 Bxf3 21. gxf3 Qh4 22. Kh1 Qh3 23. Qd1 Rxb3 24. Rxb3 Rxb3 25. Rg1 Rb2 26. Rg2 h6 27. Kg1 Qc8 28. Rg4 Qb7 29. Kg2 Rb1 30. Qc2 Qb3 31. Qe2 Qd1 32. Qe4 Qf1# 0-1

[Event "Bogota op 10"]
[Site "Bogota"]
[Date "2012.10.16"]
[Round "6"]
[White "Sanchez, Rubiela"]
[Black "Moreno, Javier"]
[Result "1-0"]
[WhiteElo "1586"]
[BlackElo "1793"]
[PlyCount "60"]
[EventDate "2012.10.11"]
[EventType "swiss"]
[EventRounds "9"]
[EventCountry "COL"]
[SourceTitle "EXT 2013"]
[Source "ChessBase"]
[SourceDate "2012.11.22"]
[SourceVersion "1"]
[SourceVersionDate "2012.11.22"]
[SourceQuality "1"]

1. d4 d5 2. c4 e6 3. Nc3 Nf6 4. Nf3 Nc6 5. Bg5 Be7 6. e3 a6 7. Bd3 b6 8. Qc2 Nb4 9. Qb1 Nxd3+ 10. Qxd3 Nd7 11. Bxe7 Qxe7 12. cxd5 Qb4 13. dxe6 fxe6 14. Rb1 Bb7 15. Qe2 Nf6 16. 0-0 0-0-0 17. Rfc1 Rhf8 18. Ng5 Qe7 19. Qc2 h6 20. Nge4 Nxe4 21. Nxe4 Kb8 22. b4 Rc8 23. Nd2 Qg5 24. e4 h5 25. Nc4 Rfd8 26. Rd1 h4 27. Ne5 Qf4 28. Nc6+ Bxc6 29. Qxc6 Rd6 30. Qc2 Kb7 1-0

[Event "Bogota op 10"]
[Site "Bogota"]
[Date "2012.10.14"]
[Round "4"]
[White "Pinzon, Hector"]
[Black "Moreno, Javier"]
[Result "1-0"]
[WhiteElo "1719"]
[BlackElo "1793"]
[PlyCount "37"]
[EventDate "2012.10.11"]
[EventType "swiss"]
[EventRounds "9"]
[EventCountry "COL"]
[SourceTitle "EXT 2013"]
[Source "ChessBase"]
[SourceDate "2012.11.22"]
[SourceVersion "1"]
[SourceVersionDate "2012.11.22"]
[SourceQuality "1"]

1. c4 Nf6 2. Nc3 e5 3. Nf3 Nc6 4. g3 Bc5 5. Bg2 0-0 6. 0-0 Re8 7. d3 Nd4 8. Bg5 h6 9. Bxf6 Qxf6 10. Ne4 Qe6 11. a3 c6 12. Nc3 a5 13. e3 Nxf3+ 14. Bxf3 Qg6 15. Ne4 Be7 16. c5 f5 17. Bh5 Qe6 18. Bxe8 fxe4 19. Bh5 1-0

[Event "Bogota op 10"]
[Site "Bogota"]
[Date "2012.10.13"]
[Round "3"]
[White "Moreno, Javier"]
[Black "Palomino Escobar, Daniel Fernando"]
[Result "0-1"]
[WhiteElo "1793"]
[BlackElo "1711"]
[PlyCount "80"]
[EventDate "2012.10.11"]
[EventType "swiss"]
[EventRounds "9"]
[EventCountry "COL"]
[SourceTitle "EXT 2013"]
[Source "ChessBase"]
[SourceDate "2012.11.22"]
[SourceVersion "1"]
[SourceVersionDate "2012.11.22"]
[SourceQuality "1"]

1. e4 e6 2. Nf3 d5 3. e5 c5 4. b3 Nc6 5. Bb5 Qb6 6. Bxc6+ bxc6 7. 0-0 Ne7 8. d3 Ng6 9. Re1 Be7 10. Nbd2 0-0 11. Nf1 f6 12. Rb1 Nxe5 13. Nxe5 fxe5 14. Rxe5 Bd6 15. Rh5 Qb4 16. a3 Qd4 17. Be3 Qf6 18. Rh3 Qg6 19. Rf3 Bd7 20. d4 cxd4 21. Bxd4 e5 22. Rxf8+ Rxf8 23. Bxa7 Bxa3 24. b4 Bf5 25. Ne3 Be4 26. Rb3 d4 27. Bxd4 exd4 28. Qxd4 Bc1 29. Qc4+ Kh8 30. g3 Bxe3 31. Rxe3 Bxc2 32. Re6 Rf6 33. Qc5 Be4 34. b5 h6 35. Rxf6 Qxf6 36. Kf1 Bf3 37. Ke1 cxb5 38. Qxb5 Qc6 39. Qb2 Qe4+ 40. Kf1 Qd3+ 0-1

[Event "Bogota Mayores Distrital op 11"]
[Site "Bogota"]
[Date "2011.11.14"]
[Round "6.7"]
[White "Garcia, John Fredy"]
[Black "Moreno, Javier"]
[Result "1-0"]
[WhiteElo "1915"]
[BlackElo "1789"]
[PlyCount "71"]
[EventDate "2011.11.11"]
[EventType "swiss"]
[EventRounds "7"]
[EventCountry "COL"]
[SourceTitle "EXT 2024"]
[Source "ChessBase"]
[SourceDate "2023.10.10"]
[SourceVersion "1"]
[SourceVersionDate "2023.10.10"]
[SourceQuality "1"]

1. d4 d5 2. e3 Nf6 3. Bd3 Nc6 4. c3 e5 5. dxe5 Nxe5 6. Bc2 Bd6 7. h3 Be6 8. Nf3 Qe7 9. Nbd2 0-0-0 10. Nxe5 Bxe5 11. Nf3 Bd6 12. b4 c5 13. bxc5 Bxc5 14. Nd4 Ne4 15. Bxe4 dxe4 16. Qa4 Bd7 17. Qb3 h5 18. Rb1 Be8 19. a4 Bxd4 20. cxd4 Rd6 21. Ba3 Rhh6 22. Bxd6 Rxd6 23. 0-0 Kb8 24. Qb4 Bc6 25. Rfc1 Qd7 26. a5 Rg6 27. Qf8+ Kc7 28. a6 b6 29. Qa8 Kd6 30. Rxc6+ Qxc6 31. Qxa7 Kd5 32. Qxf7+ Re6 33. a7 b5 34. Rxb5+ Kd6 35. Qxe6+ Kxe6 36. d5+ 1-0

[Event "Bogota Mayores Distrital op 11"]
[Site "Bogota"]
[Date "2011.11.13"]
[Round "4.5"]
[White "Moreno, Javier"]
[Black "Moreno Lozano, David"]
[Result "0-1"]
[WhiteElo "1789"]
[BlackElo "1936"]
[PlyCount "64"]
[EventDate "2011.11.11"]
[EventType "swiss"]
[EventRounds "7"]
[EventCountry "COL"]
[SourceTitle "EXT 2024"]
[Source "ChessBase"]
[SourceDate "2023.10.10"]
[SourceVersion "1"]
[SourceVersionDate "2023.10.10"]
[SourceQuality "1"]

1. e4 e5 2. Nf3 Nc6 3. Bb5 Nf6 4. 0-0 d6 5. Re1 Bd7 6. c3 Be7 7. d3 0-0 8. Nbd2 a6 9. Ba4 h6 10. h3 Nh7 11. Nf1 b5 12. Bb3 Be6 13. Bc2 Ng5 14. Nxg5 Bxg5 15. Bxg5 Qxg5 16. Re3 f5 17. d4 f4 18. Rf3 Bd7 19. d5 Ne7 20. a4 Ng6 21. g4 h5 22. Nh2 hxg4 23. hxg4 Bxg4 24. Nxg4 Qxg4+ 25. Kf1 Kf7 26. Ke1 Nh4 27. Rd3 Qg1+ 28. Ke2 Qg2 29. Qh1 f3+ 30. Rxf3+ Qxf3+ 31. Qxf3+ Nxf3 32. Kxf3 g5 0-1

[Event "Bogota Mayores Distrital op"]
[Site "Bogota"]
[Date "2011.08.13"]
[Round "4"]
[White "Moreno, Javier"]
[Black "Panesso, Lina Maria"]
[Result "0-1"]
[WhiteElo "1967"]
[BlackElo "1922"]
[PlyCount "32"]
[EventDate "2011.08.11"]
[EventType "swiss"]
[EventRounds "9"]
[EventCountry "COL"]
[SourceTitle "CBM 143 Extra"]
[Source "ChessBase"]
[SourceDate "2011.08.29"]
[SourceVersion "1"]
[SourceVersionDate "2011.08.29"]
[SourceQuality "1"]

1. e4 c5 2. Nf3 Nc6 3. Nc3 g6 4. d4 cxd4 5. Nxd4 Bg7 6. Nf3 Nf6 7. Bc4 0-0 8. 0-0 d6 9. h3 Bd7 10. Re1 Rc8 11. a3 Qa5 12. Bd2 Ne5 13. Bf1 Nxf3+ 14. Qxf3 Bc6 15. Nd5 Qd8 16. c3 Nd7 0-1

[Event "Bogota Mayores Distrital op"]
[Site "Bogota"]
[Date "2011.08.11"]
[Round "1"]
[White "Moreno, Javier"]
[Black "Camargo, Santiago"]
[Result "0-1"]
[WhiteElo "1967"]
[BlackElo "2001"]
[PlyCount "52"]
[EventDate "2011.08.11"]
[EventType "swiss"]
[EventRounds "9"]
[EventCountry "COL"]
[SourceTitle "CBM 143 Extra"]
[Source "ChessBase"]
[SourceDate "2011.08.29"]
[SourceVersion "1"]
[SourceVersionDate "2011.08.29"]
[SourceQuality "1"]

1. e4 c5 2. Nf3 d6 3. h3 Nc6 4. d4 cxd4 5. Nxd4 g6 6. c3 Bg7 7. Bc4 Nf6 8. Qf3 Ne5 9. Qe2 Nxc4 10. Qxc4 Nxe4 11. Nb5 Nc5 12. 0-0 Bd7 13. Nd4 a6 14. Re1 0-0 15. Be3 e5 16. Nf3 Bb5 17. Qd5 Nd3 18. Rd1 Nxb2 19. Rd2 Nc4 20. Rd1 Qc7 21. Bg5 Bd7 22. Nbd2 Be6 23. Qe4 Nb2 24. Rdc1 Bf5 25. Qh4 Nd3 26. Rc2 Nxf2 0-1

[Event "Bogota McGregor op 1st"]
[Site "Bogota"]
[Date "2010.12.03"]
[Round "1"]
[White "Moreno, Javier"]
[Black "Manotas, S Franklin"]
[Result "0-1"]
[WhiteElo "1897"]
[BlackElo "1996"]
[PlyCount "112"]
[EventDate "2010.12.03"]
[EventType "swiss"]
[EventRounds "10"]
[EventCountry "COL"]
[SourceTitle "CBM 139 Extra"]
[Source "ChessBase"]
[SourceDate "2011.01.05"]
[SourceVersion "1"]
[SourceVersionDate "2011.01.05"]
[SourceQuality "1"]

1. e4 Nf6 2. Nc3 d5 3. exd5 Nxd5 4. Nxd5 Qxd5 5. Nf3 e5 6. b3 Bg4 7. Bc4 Qe4+ 8. Qe2 Qxe2+ 9. Bxe2 f6 10. d3 Nc6 11. c3 0-0-0 12. 0-0 Bf5 13. Rd1 Bc5 14. b4 Be7 15. a4 g5 16. b5 Na5 17. Rb1 b6 18. Be3 Rd7 19. Rb2 Rhd8 20. d4 Be6 21. Nd2 Ba3 22. Rbb1 h6 23. dxe5 fxe5 24. Ne4 Rxd1+ 25. Rxd1 Rxd1+ 26. Bxd1 Be7 27. h3 Kd7 28. Bd2 Nc4 29. Bc1 c6 30. Nd2 cxb5 31. axb5 Nd6 32. Be2 Bf6 33. c4 Nb7 34. Ne4 Be7 35. Bg4 Na5 36. Bxe6+ Kxe6 37. Nd2 Bb4 38. Kf1 Bxd2 39. Bxd2 Nxc4 40. Bb4 Nd6 41. g4 Nxb5 42. Bf8 Nc3 43. Bxh6 Kf6 44. Kg2 a5 45. Kg3 b5 46. f3 b4 47. h4 gxh4+ 48. Kxh4 a4 49. Kh5 b3 50. g5+ Kf7 51. g6+ Kg8 52. Bc1 Nd1 53. f4 exf4 54. Kg4 b2 55. Bxb2 Nxb2 56. Kxf4 a3 0-1